Quizzes
Events
Quiz Creation
Community
Videos
Private Events
Remove Ads
Sign In
Join for FREE
Feedback
Dark Mode
Quiz Categories
Sports
Geography
Music
Movies
Television
Just For Fun
Miscellaneous
History
Literature
Language
Science
Gaming
Entertainment
Religion
Holiday
For Kids
Quiz Lab
Recent
Popular Today
Quiz Kudos Today
Editor Picks
Curator Picks
Quizzes by...
Day
Popularity
Type
Ratings
Length
Year
Community
Subscriptions
Recent Discussions
Orange Saloon
Badges
Playlists
Quests
Create
Leaderboards
Showdown
Live 5
Trivia Bingo
Activity
Puzzle Library
Sporcle Events
Private Events
Virtual Trivia
Globe League
Become a Host
Pub Owners
SporcleCon
Opinionation
Our Games
Videos
Blog
Mobile Apps
Partnerships
Remove Ads and Go Orange
Feedback
Music
Pop Music
The Beatles
Song
Album
Lyrics
Bands
Singers
Artist
Clip
Rock
Rap
Classical
Billboard
Country Music
Kpop
Taylor Swift
Music
Pop Music
The Beatles
Song
Album
Lyrics
Bands
Singers
Artist
Clip
Rock
Rap
Classical
Billboard
Country Music
Kpop
Taylor Swift
Random Quiz
Search Sporcle
×
Quiz Lab
Quiz Lab
Music
Type in answers that appear in a list
Type in answers that appear in a list
Classic
Best Score? Go Orange.
Artist Showcase SE: Madonna Stats
Can you name the Madonna songs based on their clips?
By
GoldLion
20m
70 Questions
454 Plays
454 Plays
454 Plays
Comments
Comments
Give Quiz Kudos
Give Quiz Kudos
-
- Ratings
hide this ad
Replay
Link that replays current quiz
Next Quiz
Link to next quiz in quiz playlist
You Got
0%
They Got
Avg Score
67%
Avg Friend Score
Upgrade to see
Score Distribution
Jump to the score distribution portion of the page
Score
0/70
Timer
20:00
0
Plays Today
Time
Song
% Correct
0:24
Holiday
96.9%
1:04
Like A Virgin
96.9%
1:12
Material Girl
95.2%
3:04
Like A Prayer
94.3%
3:28
Vogue
94.3%
1:44
Papa Don't Preach
93.8%
1:20
La Isla Bonita
90.1%
0:00
Borderline
89.6%
0:32
Lucky Star
88.1%
6:40
Ray Of Light
87.2%
7:12
Music
87%
6:16
Frozen
85.7%
2:48
Express Yourself
85.2%
0:56
Into The Groove
85%
1:52
True Blue
84.4%
5:52
Don't Cry For Me Argentina
83.3%
4:16
Erotica
82.2%
1:36
Open Your Heart
81.9%
6:56
American Pie
81.3%
3:36
Justify My Love
80.2%
6:48
Beautiful Stranger
80.2%
8:16
Hung Up
80.2%
8:40
4 Minutes
78.6%
1:28
Live To Tell
78.2%
5:12
Secret
76.9%
4:24
Fever
76.7%
2:32
Cherish
76.2%
5:20
Take A Bow
76%
7:28
Die Another Day
76%
0:48
Dress You Up
74.2%
2:16
Who's That Girl
72.9%
7:04
Don't Tell Me
71.1%
4:40
This Used To Be My Playground
69.2%
0:08
Burning Up
67.8%
4:32
Rain
65.6%
Time
Song
% Correct
7:44
Hollywood
65.6%
8:32
Sorry
64.5%
5:04
Human Nature
64.3%
7:36
American Life
64.3%
6:32
The Power Of Good-Bye
62.6%
4:08
Deeper And Deeper
62.1%
3:12
Oh Father
59.9%
0:40
Angel
59.7%
3:20
Hanky Panky
59.7%
7:20
What It Feels Like For A Girl
59.3%
2:40
Dear Jessie
58.6%
0:16
Everybody
58.4%
8:24
Jump
58.4%
6:24
Nothing Really Matters
57.9%
4:48
I'll Remember
57.7%
9:04
Celebration
57.3%
8:48
Give It 2 Me
55.9%
3:52
Bad Girl
55.3%
4:56
Bedtime Story
54.4%
6:00
You Must Love Me
54.4%
2:00
Causing A Commotion
53.5%
5:44
You'll See
52.4%
9:12
Revolver
50.9%
3:44
Rescue Me
50.4%
8:56
Miles Away
50%
2:56
Keep It Together
48.9%
7:52
Love Profusion
48%
4:00
Bye Bye Baby
45.8%
8:08
Get Together
45.6%
5:28
Love Don't Live Here Anymore
44.5%
2:24
Spotlight
36.8%
8:00
Nothing Fails
36.8%
2:08
The Look Of Love
35.2%
5:36
One More Chance
33.9%
6:08
Drowned World - Substitute For Love
33.5%
Quiz Playlist
Details
Report
Send in Message
Add To Playlist
Classic:
Type in answers that appear in a list
Last Updated: Feb 16, 2017
Quiz Scoreboard
CHALLENGE
Sign Up to Join the Scoreboard
Show All
Scores
Hide
Comments
May contain spoilers
Recently Published
1-10 Letter E Words III
by El_Dandy
Language
2m
One Thing in Common: World Cities II
by knightlancer
Geography
7m
Popular People in 1961
by mucciniale
History
6m
More to Explore
Quiz From the Vault
Featured Blog Post
Where Did the Easter Bunny Come From?
hide this ad
You Might Also Like...
Tags
This quiz does not have any tags.
Today's Top Quizzes in Music
Browse Music
hide this ad
Top Contributed Quizzes in Music
1
Taylor Swift All Songs (2024)
2
2010s Album by Cover III
3
Taylor Swift Logic Puzzle
4
One Thing in Common: Music
5
Guess the Artist- 70s Songs
6
Guess the Taylor Swift song (Mystery Song)
7
2010s Album by Cover V
8
2010s Album by Cover IV
9
Lana Del Rey Discography (BTD to DYKTTATUOB)
10
KPOP LOGIC QUIZ
Explore More
Trending Topics
Crossword
Marvel
Disney
NBA
Kpop
Harry Potter
Anime
The Office
Song
NFL
Puzzle
WWE
Pokémon
Country
Soccer
hide this ad
More By:
GoldLion
Quiz
Plays
Rating
Category
Featured
Created
VH1's 200 Greatest Pop Culture Icons
8,335
3.92
Entertainment
Oct 1, 2009
1990s Rock (Audio)
4,251
4.33
Music
Jun 8, 2010
Female Anime Characters (Images)
3,785
3.50
Television
Jul 16, 2010
2000s Rock (Audio)
3,651
4.33
Music
Jun 17, 2010
1990s Hip Hop (Audio)
3,585
4.39
Music
Jun 1, 2010
Go to Creator's Profile
Score Distribution
Quiz Creator Spotlight
GoldLion
Follow
Send a Message
Quizzes Created
-
Created Quiz Play Count
-
More By This Creator
Popular Quizzes Today
1
Find the US States - No Outlines Minefield
2
The Countries of the World
3
Popular People in 1961
4
Find the Countries of Europe - No Outlines Minefield
5
1-10 Letter E Words III
6
Find the US States
7
One Thing in Common: World Cities II
8
US States
More Music Quizzes
5 Blitz: Singers (Women) II
Published
Trending Quizzes
1-10 Letter F Words
1-10 Letter G Words
Risky Map Clicking: Next State Alphabetically
1-10 Letter F Words II
Risky Map Clicking: States by Unique Starting Letters
Recently Updated
Leaping Animals
pecheneg
Reality TV Shows (A-Z)
bhenderson79
Rickey Henderson's Hall of Fame Teammates
pecheneg
Champions League XIs: Arsenal
pecheneg
Quick Pick: Celebrities in WWE's Hall of Fame
aduchscher
A-Z Keypad Blitz II
pecheneg
Multiple Oscar Actors
pecheneg
Mystery Phrase Blitz: Oscar 'Best Actors'
pecheneg
F. Scott Fitzgerald Novels
LTH
Pick 3 Villains
ddd62291
Trending Topics
Anime
Harry Potter
Marvel
Disney
Kpop
Crossword
NBA
Country
WWE
NFL
Soccer
Pokémon
Song
Puzzle
The Office
Your Account Isn't Verified!
In order to create a playlist on Sporcle, you need to verify the email address you used during registration. Go to your
Sporcle Settings
to finish the process.
Report this User
Report this user for behavior that violates our
Community Guidelines
.
Details:
Send Report
Go to the Sporcle.com Mobile Site →
Comments